00479nam a2200169Ia 4500008004100000041001200041082001200053100001700065245005600082365000800138520001300146546001200159630005600171650001300227655001300240730005600253101110s9999 xx 000 0 und d aENGLISH bSR22706 aPardesi P.C. aFundamentals of Marketing and Finance ( F.Y.B.Com.) b100 aCommerce aENGLISH aFundamentals of Marketing and Finance ( F.Y.B.Com.) aCommerce aCommerce aFundamentals of Marketing and Finance ( F.Y.B.Com.)